<?xml version="1.0" encoding="UTF-8"?>
<record
    xmlns:xsi="http://www.w3.org/2001/XMLSchema-instance"
    xsi:schemaLocation="http://www.loc.gov/MARC21/slim http://www.loc.gov/standards/marcxml/schema/MARC21slim.xsd"
    xmlns="http://www.loc.gov/MARC21/slim">

  <leader>00568nam  22001933  4500</leader>
  <controlfield tag="001">32535</controlfield>
  <datafield tag="090" ind1=" " ind2=" ">
    <subfield code="a">32535</subfield>
  </datafield>
  <datafield tag="100" ind1=" " ind2=" ">
    <subfield code="a">20260310d        u||y0pory50      ba</subfield>
  </datafield>
  <datafield tag="101" ind1=" " ind2=" ">
    <subfield code="a">eng</subfield>
  </datafield>
  <datafield tag="200" ind1=" " ind2=" ">
    <subfield code="a">Principles of Physical Oceanography</subfield>
    <subfield code="f">Gerhard Neumann</subfield>
    <subfield code="g">Willard J. Pierson, Jr.</subfield>
  </datafield>
  <datafield tag="210" ind1=" " ind2=" ">
    <subfield code="a">EUA</subfield>
    <subfield code="c">Prentice- Hall</subfield>
    <subfield code="d">1966</subfield>
  </datafield>
  <datafield tag="215" ind1=" " ind2=" ">
    <subfield code="a">545 p.</subfield>
    <subfield code="d">28 cm</subfield>
  </datafield>
  <datafield tag="317" ind1=" " ind2=" ">
    <subfield code="5">Servi&#xE7;o Meteorol&#xF3;gico Nacional</subfield>
  </datafield>
  <datafield tag="500" ind1=" " ind2=" ">
    <subfield code="a">Principles of Physical Oceanography</subfield>
  </datafield>
  <datafield tag="606" ind1=" " ind2=" ">
    <subfield code="x">Oceanografia</subfield>
    <subfield code="9">23714</subfield>
  </datafield>
  <datafield tag="700" ind1=" " ind2=" ">
    <subfield code="a">Neumann</subfield>
    <subfield code="b">Gerhard</subfield>
    <subfield code="9">23715</subfield>
  </datafield>
  <datafield tag="701" ind1=" " ind2=" ">
    <subfield code="a">Jr.</subfield>
    <subfield code="b">Willard J. pierson</subfield>
    <subfield code="9">23716</subfield>
  </datafield>
  <datafield tag="801" ind1=" " ind2=" ">
    <subfield code="g">ISBD</subfield>
  </datafield>
  <datafield tag="942" ind1=" " ind2=" ">
    <subfield code="n">0</subfield>
  </datafield>
  <datafield tag="995" ind1=" " ind2=" ">
    <subfield code="1">0</subfield>
    <subfield code="4">ESTANTE_2_PRAT_1_000000000000000</subfield>
    <subfield code="5">2026-03-10</subfield>
    <subfield code="6">6130</subfield>
    <subfield code="9">32509</subfield>
    <subfield code="a">IPMA_SE</subfield>
    <subfield code="c">IPMA_SE</subfield>
    <subfield code="k">Estante 2, Prat 1</subfield>
    <subfield code="n">2026-03-10</subfield>
    <subfield code="o">0</subfield>
    <subfield code="r">MON</subfield>
  </datafield>
</record>
